[Event "HUN-chT 1920"]
[Site "Hungary"]
[Date "2020.09.13"]
[Round "9.10"]
[White "Horvath, Kristof"]
[Black "Pluhar, Andras"]
[Result "1-0"]
[WhiteElo "1976"]
[BlackElo "1889"]
[PlyCount "69"]
[EventDate "2019.11.16"]
[EventType "team-tourn"]
[EventRounds "9"]
[EventCountry "HUN"]
[SourceTitle "EXT 2021"]
[Source "ChessBase"]
[SourceDate "2020.10.23"]
[SourceVersion "1"]
[SourceVersionDate "2020.10.23"]
[SourceQuality "1"]
[WhiteTeam "DVTK"]
[BlackTeam "Maroczy"]
[WhiteTeamCountry "HUN"]
[BlackTeamCountry "HUN"]

1. e4 e5 2. Nf3 Nc6 3. d4 exd4 4. Nxd4 Nf6 5. Nxc6 bxc6 6. e5 Qe7 7. Qe2 Nd5 8. c4 Ba6 9. b3 g6 10. Bb2 Bg7 11. g3 0-0 12. Bg2 Rae8 13. 0-0 f6 14. Qd2 Nb6 15. Qa5 Bc8 16. Qxa7 d6 17. exd6 Qxd6 18. Qa5 Nd7 19. Qd2 Qe6 20. Nc3 f5 21. Rfe1 Qf6 22. Na4 Ne5 23. f4 Rd8 24. fxe5 Qe6 25. Qf2 f4 26. Rad1 fxg3 27. Qxg3 Bh6 28. Nc5 Qe7 29. Ne4 Bf4 30. Nf6+ Rxf6 31. exf6 Qc5+ 32. Qf2 Bxh2+ 33. Kxh2 Qxf2 34. Rxd8+ Kf7 35. Re7# 1-0

[Event "HUN-chT2 Toth 1718"]
[Site "Hungary"]
[Date "2017.09.24"]
[Round "1.11"]
[White "Pluhar, Andras"]
[Black "Toth, David1111"]
[Result "1/2-1/2"]
[WhiteElo "1821"]
[BlackElo "1675"]
[PlyCount "79"]
[EventDate "2017.09.24"]
[EventType "team-tourn"]
[EventRounds "11"]
[EventCountry "HUN"]
[SourceTitle "EXT 2021"]
[Source "ChessBase"]
[SourceDate "2020.10.23"]
[SourceVersion "1"]
[SourceVersionDate "2020.10.23"]
[SourceQuality "1"]
[WhiteTeam "Szeged Maroczy II"]
[BlackTeam "Oroshaza"]
[WhiteTeamCountry "HUN"]
[BlackTeamCountry "HUN"]

1. e4 c6 2. Nc3 d5 3. Nf3 dxe4 4. Nxe4 Bf5 5. Ng3 Bg6 6. h4 h6 7. Ne5 Qd6 8. d4 Nd7 9. Nxg6 Qxg6 10. Be2 Qd6 11. 0-0 Ngf6 12. c4 b6 13. Bf3 Rc8 14. Re1 e6 15. d5 cxd5 16. cxd5 Be7 17. dxe6 Qxd1 18. exf7+ Kxf7 19. Bxd1 Rhe8 20. Bb3+ Kf8 21. Be3 Nc5 22. Bc2 Nd5 23. Bf5 Rc7 24. Bg6 Rec8 25. h5 Nxe3 26. Rxe3 Nd7 27. Rae1 Nf6 28. Nf5 Bb4 29. Rf1 Rc1 30. a3 Rxf1+ 31. Kxf1 Rc1+ 32. Ke2 Rc2+ 33. Kd3 Rd2+ 34. Kc4 Bc5 35. Rd3 Rxd3 36. Kxd3 Bxf2 37. a4 Nd5 38. Ke4 Ne7 39. Ke5 Nxf5 40. Bxf5 1/2-1/2

[Event "HUN-chT2 Toth 1617"]
[Site "Hungary"]
[Date "2017.01.29"]
[Round "7.9"]
[White "Brhlik, Gyorgy"]
[Black "Pluhar, Andras"]
[Result "1/2-1/2"]
[WhiteElo "1913"]
[BlackElo "1793"]
[PlyCount "39"]
[EventDate "2016.09.25"]
[EventType "team-tourn"]
[EventRounds "11"]
[EventCountry "HUN"]
[SourceTitle "EXT 2021"]
[Source "ChessBase"]
[SourceDate "2020.10.23"]
[SourceVersion "1"]
[SourceVersionDate "2020.10.23"]
[SourceQuality "1"]
[WhiteTeam "Bekes"]
[BlackTeam "Szeged Maroczy II"]
[WhiteTeamCountry "HUN"]
[BlackTeamCountry "HUN"]

1. Nf3 Nf6 2. g3 d5 3. Bg2 c5 4. 0-0 Nc6 5. d4 Bg4 6. Ne5 cxd4 7. Nxg4 Nxg4 8. e3 Nf6 9. exd4 e6 10. Be3 Bd6 11. Nc3 a6 12. Ne2 0-0 13. c3 Rc8 14. Nf4 b5 15. Nd3 b4 16. cxb4 Nxb4 17. Nxb4 Bxb4 18. Qb3 Bd6 19. Qd3 Qb6 20. Qe2 1/2-1/2

[Event "HUN-chT2 Toth 1516"]
[Site "Hungary"]
[Date "2016.04.03"]
[Round "10.12"]
[White "Toth, David"]
[Black "Pluhar, Andras"]
[Result "1/2-1/2"]
[WhiteElo "1619"]
[BlackElo "1794"]
[PlyCount "67"]
[EventDate "2015.09.13"]
[EventType "team-tourn"]
[EventRounds "11"]
[EventCountry "HUN"]
[SourceTitle "EXT 2017"]
[Source "ChessBase"]
[SourceDate "2016.10.25"]
[SourceVersion "1"]
[SourceVersionDate "2016.10.25"]
[SourceQuality "1"]
[WhiteTeam "Oroshaza"]
[BlackTeam "Maroczy II"]
[WhiteTeamCountry "HUN"]
[BlackTeamCountry "HUN"]

1. e4 e5 2. Nf3 Nc6 3. Bb5 a6 4. Ba4 Nf6 5. 0-0 Be7 6. Re1 b5 7. Bb3 0-0 8. c3 d5 9. exd5 Nxd5 10. Nxe5 Nxe5 11. Rxe5 c6 12. d4 Bd6 13. Re1 Qh4 14. g3 Qh3 15. Qf3 Bg4 16. Qg2 Qh5 17. Bxd5 cxd5 18. Be3 Bf3 19. Qf1 f5 20. Nd2 f4 21. Bxf4 Rxf4 22. Nxf3 Rxf3 23. Qg2 Raf8 24. Re2 Qf5 25. Rae1 h5 26. h3 Qg6 27. Re6 Qc2 28. Rxd6 Qxb2 29. Rxa6 Qxc3 30. Rd1 b4 31. Ra7 Qc4 32. Ra8 Rxf2 33. Rxf8+ Rxf8 34. Rd2 1/2-1/2

[Event "HUN-chT2 Toth 1516"]
[Site "Hungary"]
[Date "2016.03.20"]
[Round "9.12"]
[White "Pluhar, Andras"]
[Black "Kozak, Janos"]
[Result "1-0"]
[WhiteElo "1768"]
[BlackElo "1610"]
[PlyCount "63"]
[EventDate "2015.09.13"]
[EventType "team-tourn"]
[EventRounds "11"]
[EventCountry "HUN"]
[SourceTitle "EXT 2017"]
[Source "ChessBase"]
[SourceDate "2016.10.25"]
[SourceVersion "1"]
[SourceVersionDate "2016.10.25"]
[SourceQuality "1"]
[WhiteTeam "Maroczy II"]
[BlackTeam "Szentes Integral"]
[WhiteTeamCountry "HUN"]
[BlackTeamCountry "HUN"]

1. e4 c5 2. Nf3 e6 3. d4 cxd4 4. Nxd4 Nc6 5. c4 a6 6. Nc3 Qc7 7. Be3 Nf6 8. Be2 Bb4 9. f3 h6 10. 0-0 0-0 11. Rc1 b6 12. a3 Bc5 13. b4 Bxd4 14. Bxd4 Nxd4 15. Qxd4 d6 16. Rfd1 Rd8 17. Na4 Rb8 18. c5 e5 19. Qd2 bxc5 20. bxc5 d5 21. Nb6 d4 22. Qa5 Nd7 23. Nc4 Qxa5 24. Nxa5 Rb2 25. Kf1 Ra2 26. c6 Nf8 27. Nb7 Re8 28. Nd6 Rd8 29. Bc4 Be6 30. Bxa2 Bxa2 31. c7 Rxd6 32. c8Q 1-0

[Event "HUN-chT Csongrad Region"]
[Site "Hungary"]
[Date "2015.11.22"]
[Round "5.3"]
[White "Miko, Vince"]
[Black "Pluhar, Andras"]
[Result "0-1"]
[WhiteElo "1347"]
[BlackElo "1646"]
[PlyCount "108"]
[EventDate "2015.09.20"]
[EventType "team-tourn"]
[EventRounds "9"]
[EventCountry "HUN"]
[SourceTitle "EXT 2017"]
[Source "ChessBase"]
[SourceDate "2016.10.25"]
[SourceVersion "1"]
[SourceVersionDate "2016.10.25"]
[SourceQuality "1"]

1. e4 e5 2. Nf3 Nc6 3. Bc4 Bc5 4. Nc3 Nf6 5. d3 h6 6. 0-0 0-0 7. Be3 Bb6 8. Bxb6 axb6 9. d4 d6 10. h3 Bd7 11. Qd2 Re8 12. Rfe1 exd4 13. Nxd4 Ne5 14. Qe2 c6 15. Bb3 Qc7 16. Nf3 Rad8 17. Rad1 Ng6 18. Qc4 Be6 19. Qd3 Ne5 20. Nxe5 dxe5 21. Qe3 Bxb3 22. axb3 Nd7 23. Qf3 Nc5 24. Rxd8 Rxd8 25. Rd1 Ne6 26. Rxd8+ Qxd8 27. Qd3 Qxd3 28. cxd3 Nc5 29. Na4 Nxd3 30. Kf1 b5 31. Nc3 Nc5 32. Ke2 Nxb3 33. Nd1 Kf8 34. Ne3 Nd4+ 35. Kd3 Ke7 36. Kc3 Kd6 37. Kb4 b6 38. g3 c5+ 39. Kc3 b4+ 40. Kd3 b5 41. Nd5 f5 42. Ne3 c4+ 43. Kd2 fxe4 44. Nc2 Nxc2 45. Kxc2 Kc5 46. Kd2 Kd4 47. Kc2 c3 48. bxc3+ bxc3 49. h4 h5 50. f4 exf3 51. g4 f2 52. g5 f1Q 53. g6 Qe2+ 54. Kb3 Qb2# 0-1

[Event "HUN-chT Csongrad Region"]
[Site "Hungary"]
[Date "2015.10.11"]
[Round "3.4"]
[White "Pluhar, Andras"]
[Black "Makay, Andor"]
[Result "1-0"]
[WhiteElo "1646"]
[BlackElo "1710"]
[PlyCount "135"]
[EventDate "2015.09.20"]
[EventType "team-tourn"]
[EventRounds "9"]
[EventCountry "HUN"]
[SourceTitle "EXT 2017"]
[Source "ChessBase"]
[SourceDate "2016.10.25"]
[SourceVersion "1"]
[SourceVersionDate "2016.10.25"]
[SourceQuality "1"]

1. e4 c5 2. Nf3 d6 3. d4 cxd4 4. Nxd4 a6 5. c4 e6 6. Nc3 Nf6 7. g3 Be7 8. Bg2 e5 9. Nc2 0-0 10. 0-0 Bg4 11. Qd3 Nbd7 12. Ne3 Nc5 13. Qc2 Bd7 14. b3 Rb8 15. Bb2 b5 16. Rad1 Ne6 17. Nf5 Nd4 18. Nxd4 exd4 19. Rxd4 Qb6 20. Rfd1 Bg4 21. R1d2 Rfd8 22. h3 Bh5 23. Nd5 Nxd5 24. Rxd5 Bg6 25. Bd4 Qc7 26. cxb5 Qxc2 27. Rxc2 axb5 28. Be3 f6 29. Rc7 Bf8 30. Bf4 Bf7 31. Rd2 g5 32. Be3 Rbc8 33. Rdc2 Rxc7 34. Rxc7 Be8 35. Bd4 Bg7 36. Bc3 Rd7 37. Rc8 Kf7 38. Bf3 Ke7 39. Bg4 Rd8 40. Rc7+ Kf8 41. Bc8 Kg8 42. Ba5 Bf7 43. Rc1 Re8 44. f3 Bf8 45. Bd7 Re5 46. Rc8 Rc5 47. Rxc5 dxc5 48. Bxb5 Be6 49. g4 Kf7 50. Bc4 Bd6 51. Kf2 Ke7 52. Bxe6 Kxe6 53. Ke3 Be5 54. Kd3 Kd6 55. Bc3 Bxc3 56. Kxc3 Ke5 57. a4 Kf4 58. a5 Kxf3 59. a6 Kg3 60. a7 Kxh3 61. a8Q Kxg4 62. Qc8+ Kg3 63. Kd3 h5 64. Ke3 h4 65. Qf5 g4 66. Ke2 Kh3 67. Kf2 c4 68. bxc4 1-0